Statistics for English Cathedrals by Picture

Click here to take the quiz!

General Stats

  • This quiz has been taken 466 times
    (379 since last reset)
  • The average score is 6 of 21

Answer Stats

Answer% Correct
St Paul's Cathedral, London
98%
Salisbury Cathedral
57%
Liverpool Cathedral
49%
Coventry Cathedral
45%
Durham Cathedral
43%
Ely Cathedral
38%
Lincoln Cathedral
33%
Southwark Cathedral, London
31%
Canterbury Cathedral
27%
York Minster
27%
Wells Cathedral
24%
Guildford Cathedral
23%
Norwich Cathedral
23%
Lichfield Cathedral
21%
Peterborough Cathedral
20%
Exeter Cathedral
19%
St Albans Cathedral
17%
Truro Cathedral
16%
Chichester Cathedral
13%
Newcastle Cathedral
12%
St Edmundsbury Cathedral, Bury St Edmunds
12%

Score Distribution

Percentile by Number Answered

Percent of People with Each Score

Your Score History

You have not taken this quiz since the last reset